| 000 | 00836cam a2200265 a 4500 | ||
|---|---|---|---|
| 001 | 000004436 | ||
| 005 | 20200929151436.0 | ||
| 008 | 940824s1996 ag 000 f spa d | ||
| 020 | _a9500815613 | ||
| 040 |
_aDO-SdBNP _cDLC _dDLC _dOCoLC |
||
| 041 | 1 | 7 |
_aspa _heng _2Código de idioma MARC |
| 082 |
_a813.54 _bD491s |
||
| 100 | 1 |
_aDeveraux, Jude, _d1947- _911604 |
|
| 240 | 1 | 0 |
_aRemembrance. _lEspañol. |
| 245 | 1 | 0 |
_aSombras de amor / _cJude Deveraux; traducción de María Eleonor Gorga. |
| 260 |
_aBuenos Aires : _bAtlántida, _c1996. |
||
| 300 |
_a392 p. ; _c23 cm. |
||
| 534 |
_aTítulo original: _tRemembrance. |
||
| 650 | 4 |
_aNovela estadounidense _9262 |
|
| 650 | 4 |
_aLiteratura estadounidense _9263 |
|
| 700 | 1 |
_aGorga, María Eleonor, _etr. _911558 |
|
| 910 | _aCatalogación por copia / LC | ||
| 910 | _aWM | ||
| 049 | _aBNGR | ||
| 999 |
_c4245 _d4245 |
||